|
|
|
|
| LEADER |
02995nam a2200553 4500 |
| 001 |
978-3-030-30044-9 |
| 003 |
DE-He213 |
| 005 |
20191128161144.0 |
| 007 |
cr nn 008mamaa |
| 008 |
191127s2019 gw | s |||| 0|eng d |
| 020 |
|
|
|a 9783030300449
|9 978-3-030-30044-9
|
| 024 |
7 |
|
|a 10.1007/978-3-030-30044-9
|2 doi
|
| 040 |
|
|
|d GrThAP
|
| 050 |
|
4 |
|a HB846-846.8
|
| 072 |
|
7 |
|a KCA
|2 bicssc
|
| 072 |
|
7 |
|a BUS069030
|2 bisacsh
|
| 072 |
|
7 |
|a KCA
|2 thema
|
| 082 |
0 |
4 |
|a 302.1
|2 23
|
| 245 |
1 |
0 |
|a Empirical Research on an Unconditional Basic Income in Europe
|h [electronic resource] /
|c edited by Lei Delsen.
|
| 250 |
|
|
|a 1st ed. 2019.
|
| 264 |
|
1 |
|a Cham :
|b Springer International Publishing :
|b Imprint: Springer,
|c 2019.
|
| 300 |
|
|
|a XIV, 233 p. 11 illus., 7 illus. in color.
|b online resource.
|
| 336 |
|
|
|a text
|b txt
|2 rdacontent
|
| 337 |
|
|
|a computer
|b c
|2 rdamedia
|
| 338 |
|
|
|a online resource
|b cr
|2 rdacarrier
|
| 347 |
|
|
|a text file
|b PDF
|2 rda
|
| 490 |
1 |
|
|a Contributions to Economics,
|x 1431-1933
|
| 520 |
|
|
|a The unconditional basic income (UBI) has attracted renewed attention in academia, as well as in public discussions in recent years, and much has been written on the possible consequences of a UBI. However, this is the first book focusing on the UBI in Europe that offers empirical research findings. It includes a survey on preferences for a UBI in the EU; an assessment of the political feasibility of a UBI in the EU; field studies in the Netherlands and Scotland; and the findings of laboratory experiments. Presenting contributions from Dutch and international researchers, this book provides scientific answers to the question of whether a UBI is desirable and feasible in Europe.
|
| 650 |
|
0 |
|a Welfare economics.
|
| 650 |
|
0 |
|a Social policy.
|
| 650 |
|
0 |
|a Labor economics.
|
| 650 |
|
0 |
|a Public policy.
|
| 650 |
|
0 |
|a Social structure.
|
| 650 |
|
0 |
|a Social inequality.
|
| 650 |
1 |
4 |
|a Social Choice/Welfare Economics/Public Choice/Political Economy.
|0 http://scigraph.springernature.com/things/product-market-codes/W31020
|
| 650 |
2 |
4 |
|a Social Policy.
|0 http://scigraph.springernature.com/things/product-market-codes/W34020
|
| 650 |
2 |
4 |
|a Labor Economics.
|0 http://scigraph.springernature.com/things/product-market-codes/W37000
|
| 650 |
2 |
4 |
|a Public Policy.
|0 http://scigraph.springernature.com/things/product-market-codes/911060
|
| 650 |
2 |
4 |
|a Social Structure, Social Inequality.
|0 http://scigraph.springernature.com/things/product-market-codes/X22010
|
| 700 |
1 |
|
|a Delsen, Lei.
|e editor.
|4 edt
|4 http://id.loc.gov/vocabulary/relators/edt
|
| 710 |
2 |
|
|a SpringerLink (Online service)
|
| 773 |
0 |
|
|t Springer eBooks
|
| 776 |
0 |
8 |
|i Printed edition:
|z 9783030300432
|
| 776 |
0 |
8 |
|i Printed edition:
|z 9783030300456
|
| 776 |
0 |
8 |
|i Printed edition:
|z 9783030300463
|
| 830 |
|
0 |
|a Contributions to Economics,
|x 1431-1933
|
| 856 |
4 |
0 |
|u https://doi.org/10.1007/978-3-030-30044-9
|z Full Text via HEAL-Link
|
| 912 |
|
|
|a ZDB-2-ECF
|
| 950 |
|
|
|a Economics and Finance (Springer-41170)
|